00869nam a2200229 a 450000100100000000500170001000800410002702000150006804000250008308200150010810000270012324000350015024500960018526000500028130000280033149000240035950000570038370000380044083000310047895201130050999900170062200004085820201002034431.0130909s1978 sp a 000 0 spa d a8420622222 aDO-SdBNPbspacBNPHU axxxxbssss1 aMontagu, Ashley91511610aThe nature of human aggression10aLa naturaleza de la agresividad humana /cAshley Montagu; traducción, Antonio Escohotado. aMadrid, España :bAlianza editorial,c1978. a290 p. :bil. ;c20 cm.1 aAlianza universidad aLa biblioteca posee la quinta reimpresión del 19901 aEscohotado, Antonioetrad.952991 0aAlianza universidad932127 001050718MOaPDbPDcCTd2013-09-09iLF1l0oxxxx ssssp40858-10r2020-06-25w2020-06-25y1ZNo se presta c40348d40348